Stades ayant accueilli des rencontres du Tournoi des Six Nations. - Statistiques

Statistiques générales
  • Ce quiz a été pris 26 fois
  • Le résultat moyen est 8 sur 12
Statistiques - réponses
Matchs Ville % Correct
63 Stade de France
100%
67 Twickenham Stadium
96%
67 Principality Stadium | Millenium Stadium
88%
58 Aviva Stadium | Lansdowne Road
85%
67 Murrayfield Stadium
81%
2 Orange Vélodrome
77%
37 Stadio Olimpico
73%
1 Groupama Stadium
69%
2 Stade Pierre-Mauroy
69%
10 Croke Park
46%
30 Stade Flaminio
23%
1 Parc y Scarlets
12%
Aucun quiz correspondant
Distribution des résultats
% des personnes avec chaque résultat
Percentile par nombre de réponses
Votre historique - résultats
Vous n’avez pas pris ce quiz